A-Z of natural therapies : (Record no. 135263)
[ view plain ]
| 000 -LEADER | |
|---|---|
| fixed length control field | 00824nam a22002657a 4500 |
| 001 - CONTROL NUMBER | |
| control field | B-120061 |
| 003 - CONTROL NUMBER IDENTIFIER | |
| control field | dpl |
| 005 - DATE AND TIME OF LATEST TRANSACTION | |
| control field | 20200111144522.0 |
| 008 - FIXED-LENGTH DATA ELEMENTS--GENERAL INFORMATION | |
| fixed length control field | 180607b xxu||||| |||| 00| 0 eng d |
| 010 ## - LIBRARY OF CONGRESS CONTROL NUMBER | |
| LC control number | B-120046 |
| 020 ## - INTERNATIONAL STANDARD BOOK NUMBER | |
| Terms of availability | 00.00 |
| International Standard Book Number | 8173871582 |
| 035 ## - SYSTEM CONTROL NUMBER | |
| System control number | B-120046, B-120075, B-120053,B-120080 B-120081 , B-120056, B-120077 |
| 035 ## - SYSTEM CONTROL NUMBER | |
| System control number | B-120061 |
| 037 ## - SOURCE OF ACQUISITION | |
| Source of stock number/acquisition | Cen Lib/Ret |
| 040 ## - CATALOGING SOURCE | |
| Original cataloging agency | DPL |
| Language of cataloging | EN |
| Transcribing agency | 0 |
| 082 ## - DEWEY DECIMAL CLASSIFICATION NUMBER | |
| Classification number | 615.535 |
| Item number | JAC |
| 100 ## - MAIN ENTRY--PERSONAL NAME | |
| Personal name | Jacka, Judy |
| 9 (RLIN) | 95726 |
| 245 ## - TITLE STATEMENT | |
| Title | A-Z of natural therapies : |
| Statement of responsibility, etc | by Jacka Judy |
| Remainder of title | practical compenduim / |
| 260 ## - PUBLICATION, DISTRIBUTION, ETC. (IMPRINT) | |
| Place of publication, distribution, etc | New Delhi |
| Name of publisher, distributor, etc | Indus Publishing Company |
| Date of publication, distribution, etc | 1998 |
| 270 ## - ADDRESS | |
| City | New Delhi |
| Address | FS-5, Tagore Garden |
| Postal code | 110027 |
| 300 ## - PHYSICAL DESCRIPTION | |
| Extent | ix,350p. |
| Dimensions | 20cm(Hb) |
| 500 ## - GENERAL NOTE | |
| General note | Includes index<br/> |
| 650 ## - SUBJECT ADDED ENTRY--TOPICAL TERM | |
| Topical term or geographic name as entry element | Naturopathy. |
| 9 (RLIN) | 95727 |
| 942 ## - ADDED ENTRY ELEMENTS (KOHA) | |
| Source of classification or shelving scheme | Dewey Decimal Classification |
| Koha item type | English Books |
| Classification part | 615.535 |
| Call number suffix | JAC |
| Withdrawn status | Lost status | Damaged status | Not for loan | Home library | Current library | Date acquired | Source of acquisition | Cost, normal purchase price | Total Checkouts | Total Renewals | Full call number | Barcode | Date last seen | Date checked out | Copy number | Cost, replacement price | Price effective from | Koha item type | Source of classification or shelving scheme | Collection code | Public note |
|---|---|---|---|---|---|---|---|---|---|---|---|---|---|---|---|---|---|---|---|---|---|
| Central Library | Central Library | 03/10/2015 | Cen Lib/Ref | 0.00 | 3 | 1 | 615.535 JAC | B-120046 | 16/07/2024 | 22/06/2024 | 1 | 0.00 | 03/10/2015 | English Books | |||||||
| Patel Nagar | Patel Nagar | 04/07/2018 | BPPD/Pub | 200.00 | 615.535 JAC | B-120053,B-120059 | 04/07/2018 | 1 | 200.00 | 04/07/2018 | English Books | Dewey Decimal Classification | Non-fiction | ||||||||
| R.K.Puram-8 | R.K.Puram-8 | 11/01/2020 | BPPD/Purchase | 200.00 | 615.535 JAC | B-120061 | 11/01/2020 | 200.00 | 11/01/2020 | English Books | Dewey Decimal Classification | ||||||||||
| Sarojini Nagar | Sarojini Nagar | 07/03/2019 | 615.535 JAC | B-120060 | 07/03/2019 | 07/03/2019 | English Books | Dewey Decimal Classification | Non-fiction | Withdrawn List Prepared L.No.13/19 | |||||||||||
| Shahdara Branch | Shahdara Branch | 07/06/2018 | BPPD/PUB | 0.00 | 1 | 2 | 615.535 JAC | B-120075 | 24/10/2019 | 11/09/2019 | 0.00 | 07/06/2018 | English Books | Dewey Decimal Classification | Non-fiction | ||||||
| Tri Nagar | Tri Nagar | 24/07/2018 | BPPD/pub | 200.00 | 615.535 JAC | B-120080 | 24/07/2018 | 1 | 200.00 | 24/07/2018 | English Books | Dewey Decimal Classification | Non-fiction | ||||||||
| Tri Nagar | Tri Nagar | 25/07/2018 | BPPD/PUB | 200.00 | 615.535 JAC | B-120081 | 25/07/2018 | 200.00 | 25/07/2018 | English Books | Dewey Decimal Classification | Non-fiction | |||||||||
| Tri Nagar | Tri Nagar | 25/07/2018 | BPPD/pub | 200.00 | 615.535 JAC | 25/07/2018 | 200.00 | 25/07/2018 | English Books | Dewey Decimal Classification | Non-fiction | ||||||||||
| Vigyan Vihar | Vigyan Vihar | 25/01/2019 | BPPD/PUB | 200.00 | 615.535 JAC | B-920077 | 25/01/2019 | 200.00 | 25/01/2019 | English Books | Dewey Decimal Classification | Non-fiction |
